01162nam a22002657a 4500003000400000005001700004008004100021020001500062040000900077245023600086260005400322300001100376490002800387500010800415650004200523650005100565650003200616700003100648700002600679700002400705710004600729942001300775999001500788952009300803OSt20151016140002.0130524s1994 sp ||||| |||| 00| 0 spa d a8425909562 cCDMR03aLa cláusula de conciencia y el secreto profesional de los periodistasb: debate celebrado en el Centro de Estudios Constitucionales [...]cPonentes, Javier Pérez Royo i Javier Pradera ; participantes, Marc Carrillo ... [et al.] aMadridbCentro de Estudios Constitucionalesc1994 a133 p.0 aCuadernos y Debatesv48 aTranscripció del debat celebrat al Centro de Estudios constitucionales de Madrid, 24 de gener de 19940493087aSecret professionalxPeriodisme0493208aPeriodismexDret i legislaciózEspanya049983aÈtica periodística1 93514aPérez Royo, Javier1 93515aPradera, Javier1 9335aCarrillo, Marc2 94338aCentro de Estudios Constitucionales 2udccMON c6317d6317 00104070aCDMRbCDMRd2013-01-16l0oCi 3/2pCDMR13056514r2013-05-24w2013-05-24yMON